Die heilende Kraft des Wassers-änderungen in dem Thermaltourismus im The Aquincum Hotel Budapest

Bibliográfiai részletek
Szerző: Szabó Fruzsina Yvonne
További közreműködők: Nagy Dr. Adrienne
Dokumentumtípus: Diplomadolgozat
Kulcsszavak:heilende Kraft
Wasser
Thermaltourismus
Hotel
Aquincum
Online Access:http://dolgozattar.uni-bge.hu/2242

MARC

LEADER 00000nta a2200000 i 4500
001 dolg2242
005 20180227143833.0
008 150505suuuu hu om 000 ger d
040 |a BGE Dolgozattár Repozitórium  |b hun 
041 |a de 
100 1 |a Szabó Fruzsina Yvonne 
245 1 4 |a Die heilende Kraft des Wassers-änderungen in dem Thermaltourismus im The Aquincum Hotel Budapest  |c Szabó Fruzsina Yvonne  |h [elektronikus dokumentum] 
695 |a heilende Kraft 
695 |a Wasser 
695 |a Thermaltourismus 
695 |a Hotel 
695 |a Aquincum 
700 1 |a Nagy Dr. Adrienne  |e ths 
856 4 0 |u http://dolgozattar.uni-bge.hu/2242/1/Diplomarbeit%20von%20Fruzsina%20Szab%C3%B3.pdf  |z Dokumentum-elérés